00430nam a2200157Ia 45000010006000000050017000060080041000230410008000640820015000721000026000872450101001132600009002143000033002236500008002566540008002641316520260306163033.0260306t2001||||xx |||||||||||||| ||spa|| aESP a001.4bK89 aKuehl, Robert O.eAUT 0aDiseño de experimentos:bprincipios estadísticos de diseño y análisis de investigación c2001 axiv, 666 páginas :c24 cm. aGEN aCHU